000 01147nam a22002657a 4500
999 _c26225
_d26225
005 20190917120344.0
010 _aB-285031 B-706481 B-729991
020 _a0144001012
_c150.00
020 _a9780144001019
_c250.00
035 _aB-285031, B-218136
035 _aB-706481
035 _aB-729991
037 _bUBH (Vender)
_adpl
037 _bGift
082 _aS
100 _aMurty, Sudha
245 _aThe old man and his God:
_cby Sudha Murty
_bdiscovering the spirit of India /
260 _aNew Delhi
_bPenguin Books
_c2006
270 _a7th Floor, Infinity Tower C, DLF Cyber City
_bGurgaon (Haryana)
_e122002
300 _ax, 131p.
_c20cm. (pbk)
942 _2ddc
_cCH
_hS
_mMUR